| 000 | 00771 a2200277 4500 | ||
|---|---|---|---|
| 999 |
_c200044756 _d11039 |
||
| 001 | 200044756 | ||
| 003 | TR-AnTOB | ||
| 005 | 20231208103715.0 | ||
| 008 | 160507b20119999tu br0p 0 0 | ||
| 022 |
_a2149-0090 _z2146-7137 |
||
| 040 |
_aTR-AnTOB _beng _cTR-AnTOB _erda |
||
| 041 | 1 |
_atur _brus |
|
| 050 | 0 | 0 |
_aDK68.7 _b.T9 |
| 099 | _aJOURNAL - GÜND | ||
| 245 | 0 | 0 | _aGündem Avrasya |
| 260 |
_aAnkara : _bGuru Medya, _c2011- |
||
| 300 |
_bres., tab. ; _c28 cm. |
||
| 310 | _aİki ayda bir. | ||
| 336 |
_2rdacontent _atext _btxt |
||
| 337 |
_2rdamedia _aunmediated _bn |
||
| 338 |
_2rdacarrier _avolume _bnc |
||
| 500 | _aGündem Rusya [E.A.] | ||
| 651 | 7 |
_aRusya _xSiyaset ve yönetim _vSüreli yayınlar _2etuturkob _9131311 |
|
| 942 |
_cCR _2lcc |
||